Econometrics
Guardado en:
| Autor principal: | |
|---|---|
| Formato: | Libro |
| Lenguaje: | inglés |
| Publicado: |
Nueva York
Marcel Dekker
1976
|
| Colección: | Statistics: Textbooks and Monographs, 18
|
| Materias: | |
| Etiquetas: |
Agregar Etiqueta
Sin Etiquetas, Sea el primero en etiquetar este registro!
|
MARC
| LEADER | 00000nam a2200000 a 4500 | ||
|---|---|---|---|
| 001 | UCU9217 | ||
| 003 | CL-VaPUC | ||
| 008 | 960809e19760000US |||||||||||||||||eng|d | ||
| 082 | 0 | 4 | |a 330.015 |b SCH |2 21 |
| 100 | 0 | |a Schmidt, Peter |e author |9 368338 | |
| 245 | 1 | 0 | |a Econometrics |
| 300 | |a 269 p | ||
| 942 | |c BK | ||
| 945 | |d 19960809 00:00:00 |a rleighto | ||
| 260 | |a Nueva York |b Marcel Dekker |c 1976 | ||
| 650 | 0 | |a Econometría |9 261029 | |
| 650 | 0 | |a Economía |9 255568 | |
| 650 | 0 | |a Varianza |9 358282 | |
| 650 | 0 | |a Análisis vectorial |9 260451 | |
| 650 | 0 | |a Modelos económicos |9 324997 | |
| 650 | 0 | |a Estadística |9 259535 | |
| 583 | |a last modification |c 19960809 00:00:00 |k Rodrigo Vera | ||
| 490 | 0 | |a Statistics: Textbooks and Monographs, 18 | |
| 999 | |c 251082 |d 251080 | ||
| 952 | |0 0 |1 0 |4 0 |6 330_015000000000000_SCH_1976 |7 0 |8 A |9 270016 |a BIBMAT |b BIBMAT |d 2019-11-19 |i 200979K |o 330.015 SCH 1976 |p 200979K |r 2025-01-07 |w 2019-11-19 |y BK |k MAT | ||